Statistiques concernant Les 5 arrondissement de New York

Cliquez ici pour prendre le quiz!

Statistiques générales

  • Ce quiz a été pris 64 fois
  • Le résultat moyen est 3 sur 5

Statistiques - réponses

Réponse% Correct
Bronx
79%
Brooklyn
75%
Brooklyn
75%
Queens
70%
Staten Island
35%

Distribution des résultats

Percentile par nombre de réponses

% des personnes avec chaque résultat

Votre développement - résultats

Vous n’avez pas pris ce quiz